Statystyki dla Państwa, których nazwy kończą się na "landia"

Kliknij tutaj aby rozwiązać quiz!

Ogólne statystyki

  • Ten quiz został rozwiązany 52 235 razy
    (52 234 od ostatniego zresetowania)
  • Średni wynik to 5 z 6

Statystyki odpowiedzi

KontynentPaństwo% Poprawnych
EuropaIslandia
91%
EuropaIrlandia
86%
EuropaFinlandia
83%
EuropaHolandia
70%
OceaniaNowa Zelandia
69%
AzjaTajlandia
60%

Rozkład punktacji

Percentyl według liczby udzielonych odpowiedzi

Procent ludzi z każdym wynikiem

Twoja historia wyników

Nie rozwiązałeś tego quizu od ostatniego zresetowania